000 01000nam a2200253Ia 4500
003 OSt
005 20221005113309.0
006 a|||||r|||| 00| 0
007 ta
008 221004b |||||||| |||| 00| 0 pan d
020 _a9788130200767 (pbk)
_c200
024 _a11363
037 _b814, 13/03/2014, H.K. Prakashan
_cTextual
040 _aCRL
_cCRL
_bpan
041 _2pan
_apan
082 _aP153, Q1
100 _aਬਰਾੜ, ਰਾਜਿੰਦਰ ਪਾਲ ਸਿੰਘ, ਥਦ.
245 0 _aਪੰਜਾਬੀ ਭਾFਾ, ਸਾਹਿਤ, ਸਭਿਆਚਾਰ ਅਤੇ ਮੀਡਿਆ
_b ਅੰਤਰ ਸੰਵਾਦ
260 _aਪਟਿਆਲਾ
_bਪੰਜਾਬੀ ਯੂਨੀਵਰਸਿਟੀ ਭਾਰਤ
_c2011
300 _a193ਪੰ
_ccm.
650 _aਪੰਜਾਬੀ ਭਾFਾ
942 _hP153, Q1
_cTEXL
_2cc
999 _c1027703
_d1027703